Bài tập cơ học kỹ thuật
Nội dung cuốn sách này được chia làm hai phần: Phần một gồm các bài tập và đáp số, phần hai là các lời giải và hướng dẫn giải. Cuốn sách có tổng cộng là 435 bài tập được chia thành 20 chương và các bài tập đều đã có lời giải hoặ...
שמור ב:
| מחבר ראשי: | |
|---|---|
| פורמט: | ספר |
| שפה: | Undetermined |
| יצא לאור: |
Hà Nội
Giáo dục Việt Nam
2010
|
| נושאים: | |
| תגים: |
הוספת תג
אין תגיות, היה/י הראשונ/ה לתייג את הרשומה!
|
| Thư viện lưu trữ: | Trung tâm Học liệu Trường Đại học Cần Thơ |
|---|
| LEADER | 01086nam a2200217Ia 4500 | ||
|---|---|---|---|
| 001 | CTU_160841 | ||
| 008 | 210402s9999 xx 000 0 und d | ||
| 020 | |c 55000 | ||
| 082 | |a 531.1076 | ||
| 082 | |b Đ305 | ||
| 100 | |a Nguyễn, Phong Điền | ||
| 245 | 0 | |a Bài tập cơ học kỹ thuật | |
| 245 | 0 | |c Nguyễn Phong Điền (Chủ biên) | |
| 260 | |a Hà Nội | ||
| 260 | |b Giáo dục Việt Nam | ||
| 260 | |c 2010 | ||
| 520 | |a Nội dung cuốn sách này được chia làm hai phần: Phần một gồm các bài tập và đáp số, phần hai là các lời giải và hướng dẫn giải. Cuốn sách có tổng cộng là 435 bài tập được chia thành 20 chương và các bài tập đều đã có lời giải hoặc hướng dẫn giải. | ||
| 650 | |a Mechanical engineering,Cơ học kỹ thuật | ||
| 650 | |x Problems, exercises,Toán, Bài tập | ||
| 904 | |i Mỹ Huệ, Hải | ||
| 980 | |a Trung tâm Học liệu Trường Đại học Cần Thơ | ||